Primeros registros para Colombia de cuatro taxones de la familia Tyrannidae (<aves: Passeriformes>) (Registro nro. 14858)
[ vista simple ]
| 000 -CABECERA | |
|---|---|
| Campo de control | 004570000a22001450004500 |
| 090 ## - CLASIFICACIÓN LOCAL | |
| Colección | AS |
| Consecutivo | Seriadas |
| 041 0# - IDIOMA | |
| Código de idioma para texto/pista de sonido o título separado | |
| 100 1# - ASIENTO PRINCIPAL--NOMBRE PERSONAL | |
| Nombre personal | Rojas R., Rosario |
| 245 10 - MENCION DE TITULO | |
| Título | Primeros registros para Colombia de cuatro taxones de la familia Tyrannidae (<aves: Passeriformes>) |
| 700 1# - ASIENTO SECUNDARIO - NOMBRE PERSONAL | |
| Nombre personal | Piragua, William |
| 700 1# - ASIENTO SECUNDARIO - NOMBRE PERSONAL | |
| Nombre personal | Stiles, F. Gary |
| 700 1# - ASIENTO SECUNDARIO - NOMBRE PERSONAL | |
| Nombre personal | McNish, Thomas |
| 773 1# - Item fuente: | |
| Título | Caldasia |
| Especificación de materiales | 45 |
| Descripción física | 3 |
| Paginas del Articulo | 523-525 |
| Lugar, editorial y fecha de publicación | 1997 |
| Información sobre la relación | 19 |
| 942 ## - ELEMENTOS ADICIONALES (KOHA) | |
| Tipo de ítem | Artículo |
No hay ítems disponibles.